Statistics for Tim McGraw - Humble And Kind Lyrics

Click here to take the quiz!

General Stats

  • This quiz has been taken 18 times
  • The average score is 197 of 275

Answer Stats

Lyrics% Correct
a
100%
and
100%
humble
100%
kind.
100%
always
92%
Always
92%
I
92%
"I
92%
stay
92%
the
92%
you,
92%
you
92%
You
92%
you"
92%
you.
92%
door,
83%
door.
83%
please,
83%
say
83%
thank
83%
your
83%
be
75%
but
75%
cheat,
75%
church
75%
climb
75%
don't
75%
Don't
75%
for
75%
forget,
75%
forget
75%
Go
75%
got
75%
Hold
75%
hold
75%
Know
75%
know
75%
lie.
75%
momma
75%
mountains
75%
says
75%
steal,
75%
to.
75%
to
75%
you're
75%
you've
75%
'cause
67%
chance
67%
every
67%
get
67%
grandpa
67%
in
67%
key's
67%
mat.
67%
no
67%
one,
67%
one
67%
that
67%
time,
67%
under
67%
Visit
67%
by
58%
Childhood
58%
front
58%
It
58%
let
58%
line.
58%
love
58%
love.
58%
shine,
58%
shine.
58%
stars
58%
there's
58%
up
58%
wasted
58%
When
58%
when
58%
won't
58%
ain't
50%
between
50%
bitterness
50%
chip
50%
come
50%
difference
50%
dreamin'
50%
dreams
50%
expect
50%
feel
50%
flying.
50%
free
50%
from
50%
grudge
50%
here's
50%
is
50%
keeps
50%
light
50%
or
50%
pick
50%
pride
50%
put
50%
realized,
50%
ride
50%
sleeping
50%
someone,
50%
someone
50%
where
50%
why;
50%
with
50%
work
50%
yourself
50%
beer
42%
can.
42%
glows
42%
goin',
42%
granted
42%
next
42%
popsicle,
42%
root
42%
take
42%
those
42%
turn
42%
AC
33%
around
33%
back
33%
dreaming
33%
gives
33%
help
33%
it's
33%
life
33%
off
33%
this
33%
eat
25%
hot
25%
roll
25%
shut
25%
summer
25%
sun
25%
windows
25%
down,
17%

Score Distribution

Percentile by Number Answered

Percent of People with Each Score

Your Score History

You have not taken this quiz